حكم ابى الفيض المنوفى المسماة نفائس الحكم : ومعها قصيدة وجدت هواكم المسماة بالوجدانية

محفوظ في:

المؤلف الرئيسي: المنوفى، السيد محمود.

التنسيق: كتاب

اللغة: Undetermined

منشور في: Cairo not identified 1920

الوسوم: إضافة وسم

لا توجد وسوم, كن أول من يضع وسما على هذه التسجيلة!

رقم الطلب: P40 FAYD

LEADER 00494nam a2200121Ia 4500
008 240404s9999||||xx |||||||||||||| ||und||
050 4 |a P40 FAYD 
100 1 |a المنوفى، السيد محمود. 
245 1 0 |a حكم ابى الفيض المنوفى المسماة نفائس الحكم : ومعها قصيدة وجدت هواكم المسماة بالوجدانية   |c المنوفى، السيد محمود 
264 1 |a Cairo  |b not identified  |c 1920 
300 |a 32  |c 19 
942 |2 lcc  |c BK 
999 |c 57959  |d 57959